Research in action; (Record no. 90118)
[ view plain ]
| 000 -LEADER | |
|---|---|
| fixed length control field | 01023cam a2200229 4500 |
| 001 - CONTROL NUMBER | |
| control field | sd 68000008 |
| 003 - CONTROL NUMBER IDENTIFIER | |
| control field | DLC |
| 005 - DATE AND TIME OF LATEST TRANSACTION | |
| control field | 20260227112737.0 |
| 008 - FIXED-LENGTH DATA ELEMENTS--GENERAL INFORMATION | |
| fixed length control field | 690630s1968 dcu 000 0 eng c |
| 010 ## - LIBRARY OF CONGRESS CONTROL NUMBER | |
| LC control number | sd 68000008 |
| 040 ## - CATALOGING SOURCE | |
| Original cataloging agency | U.S. Dept. of State Lib. |
| Transcribing agency | DLC |
| Modifying agency | DLC |
| 100 1# - MAIN ENTRY--PERSONAL NAME | |
| Personal name | Evans, Allan, |
| Dates associated with a name | 1903- |
| 245 10 - TITLE STATEMENT | |
| Title | Research in action; |
| Remainder of title | the Department of State's Bureau of Intelligence and Research. |
| 250 ## - EDITION STATEMENT | |
| Edition statement | [Rev. November 1968. |
| 260 ## - PUBLICATION, DISTRIBUTION, ETC. | |
| Place of publication, distribution, etc. | Washington] |
| Name of publisher, distributor, etc. | Dept. of State; [for sale by the Superintendent of Documents, U.S. Govt. Print. Off., |
| Date of publication, distribution, etc. | 1968] |
| 300 ## - PHYSICAL DESCRIPTION | |
| Extent | 21 p. |
| Dimensions | 21 cm. |
| 490 1# - SERIES STATEMENT | |
| Series statement | Dept. of State publication 7964. Department and Foreign Service series, 133 |
| 500 ## - GENERAL NOTE | |
| General note | "Reprinted with revisions from the Department of State bulletin of August 30, 1965." |
| 610 10 - SUBJECT ADDED ENTRY--CORPORATE NAME | |
| Corporate name or jurisdiction name as entry element | United States. |
| Subordinate unit | Department of State. |
| -- | Bureau of Intelligence and Research. |
| 830 #0 - SERIES ADDED ENTRY--UNIFORM TITLE | |
| Uniform title | Department of State publication ; |
| Volume/sequential designation | 7964. |
| 810 1# - SERIES ADDED ENTRY--CORPORATE NAME | |
| Corporate name or jurisdiction name as entry element | United States. |
| Subordinate unit | Department of State. |
| Title of a work | Department and Foreign Service series, |
| Volume/sequential designation | 133 |
No items available.